[Event "CZE-chT2B 1617"]
[Site "Czech Republic"]
[Date "2017.02.26"]
[Round "9.6"]
[White "Dolezal, Martin"]
[Black "Stefan, Jaroslav"]
[Result "1/2-1/2"]
[WhiteElo "2232"]
[BlackElo "1916"]
[PlyCount "116"]
[EventDate "2016.10.09"]
[EventType "team-tourn"]
[EventRounds "11"]
[EventCountry "CZE"]
[SourceTitle "EXT 2022"]
[Source "ChessBase"]
[SourceDate "2021.10.06"]
[SourceVersion "1"]
[SourceVersionDate "2021.10.06"]
[SourceQuality "1"]
[WhiteTeam "Litomerice"]
[BlackTeam "Horice"]
[WhiteTeamCountry "CZE"]
[BlackTeamCountry "CZE"]

1. d4 d5 2. Nf3 Nf6 3. c4 e6 4. g3 Bb4+ 5. Bd2 Be7 6. Bg2 0-0 7. 0-0 b6 8. Bf4 Bb7 9. Ne5 Nbd7 10. Nc3 Rc8 11. Rc1 c5 12. dxc5 Nxc5 13. cxd5 Nxd5 14. Nxd5 Bxd5 15. Bxd5 exd5 16. b4 Ne6 17. Nc6 Qd7 18. Qxd5 Qb7 19. Rfd1 Nxf4 20. gxf4 Bf6 21. e4 g6 22. Qd6 Bh4 23. b5 a6 24. a4 axb5 25. axb5 Ra8 26. Ra1 Rfe8 27. e5 Rxa1 28. Rxa1 Qc8 29. Qd1 Qe6 30. Qe2 Be7 31. Nxe7+ Qxe7 32. Rc1 Qb4 33. Qc4 Qd2 34. Rc3 Qd1+ 35. Kg2 Qg4+ 36. Rg3 Qf5 37. Qd4 Qe6 38. Qd6 Qc4 39. Qxb6 Qxf4 40. Qe3 Qc4 41. Qb3 Qe4+ 42. Rf3 Re6 43. Qe3 Qd5 44. Qd3 Qxe5 45. Re3 Qg5+ 46. Kf1 Rb6 47. Qd4 Qxb5+ 48. Kg2 Qc6+ 49. f3 Qf6 50. Qxf6 Rxf6 51. Kg3 Kg7 52. h4 h6 53. Kg4 h5+ 54. Kg3 Rd6 55. Ra3 Kf6 56. Ra5 Re6 57. Rb5 Re5 58. Rb7 Rf5 1/2-1/2

[Event "CZE-chT rap"]
[Site "Pardubice"]
[Date "2013.07.11"]
[Round "1.1"]
[White "Konopka, Michal"]
[Black "Stefan, Jaroslav"]
[Result "1-0"]
[WhiteElo "2425"]
[BlackElo "1868"]
[PlyCount "81"]
[EventDate "2013.07.11"]
[EventType "team-swiss"]
[EventRounds "7"]
[EventCountry "CZE"]
[SourceTitle "CBM 155 Extra"]
[Source "ChessBase"]
[SourceDate "2013.08.26"]
[SourceVersion "1"]
[SourceVersionDate "2013.08.26"]
[SourceQuality "1"]

1. Nf3 c5 2. c4 Nf6 3. Nc3 Nc6 4. g3 d5 5. cxd5 Nxd5 6. Bg2 Nc7 7. Qa4 Bd7 8. Qe4 g6 9. Ne5 Bg7 10. Nxd7 Qxd7 11. 0-0 0-0 12. d3 Rac8 13. Be3 Na6 14. Rac1 b6 15. Rfd1 e5 16. a3 Rfd8 17. Bg5 Re8 18. Nd5 Re6 19. Qc4 Nc7 20. b4 Nd4 21. Kf1 h6 22. Be3 Ncb5 23. Qa2 Nf5 24. bxc5 Nxe3+ 25. Nxe3 Rxc5 26. Rxc5 bxc5 27. Rc1 Ra6 28. a4 Nd4 29. a5 Qb5 30. Nc4 Re6 31. Rb1 Qe8 32. Rb7 Re7 33. Nd6 Qf8 34. Rxe7 Qxe7 35. Nxf7 Kh7 36. Qd5 Qc7 37. Be4 Nf5 38. h4 Qxa5 39. h5 Qa1+ 40. Kg2 Ne7 41. hxg6+ 1-0